[Event "XXIX Cracovia 2018"]
[Site "Krakow"]
[Date "2019.01.02"]
[Round "7"]
[White "Kumor, Lukasz"]
[Black "Smal, Tobiasz"]
[Result "0-1"]
[WhiteElo "2040"]
[BlackElo "1958"]
[Annotator "NA"]
[PlyCount "148"]
[EventDate "2018.12.27"]
[EventType "swiss"]
[EventCountry "POL"]
[SourceTitle "playchess.com"]
[Source "ChessBase"]
[SourceQuality "1"]
[TimeControl "40/5400+30:1800+30"]

1. e4 {[%emt 0:00:00]} e6 {[%emt 0:02:38]} 2. d4 {[%emt 0:01:35]} d5 {[%emt 0:00:08]} 3. Nc3 {[%emt 0:03:12]} Nf6 {[%emt 0:00:16]} 4. Bg5 {[%emt 0:01:17]} Be7 {[%emt 0:00:12]} 5. e5 {[%emt 0:00:07]} Nfd7 {[%emt 0:00:05]} 6. Bxe7 {[%emt 0:08:08]} Qxe7 {[%emt 0:00:07]} 7. f4 {[%emt 0:00:06]} a6 {[%emt 0:02:11]} 8. Nf3 {[%emt 0:00:15]} c5 {[%emt 0:00:55]} 9. Qd2 {[%emt 0:03:17]} Nc6 {[%emt 0:00:25]} 10. dxc5 {[%emt 0:01:19]} Nxc5 {[%emt 0:00:47]} 11. Bd3 {[%emt 0:06:06]} b5 {[%emt 0:07:24]} 12. O-O {[%emt 0:04:01]} b4 {[%emt 0:27:45] C14: French: Classical System: 4 Bg5 Be7 main line} (12... Qa7 13. Kh1 O-O 14. a3 Rb8 15. b4 Nd7 16. Ne2 Nb6 17. Ned4 Nxd4 18. Nxd4 Bd7 19. Qf2 Rbc8 20. Qh4 {0-1 (38) Campora,D (2436)-Mammadov,Z (2424) Prague 2017}) 13. Ne2 {[%emt 0:05:32]} a5 {[%emt 0:09:35]} 14. Bb5 {[%emt 0:06:25]} Bd7 {[%emt 0:02:18]} 15. Bxc6 {[%emt 0:17:00]} Bxc6 {[%emt 0:00:02]} 16. Nfd4 $146 {[%emt 0:09:46]} ({Predecessor:} 16. Ned4 Bb7 17. f5 Ne4 18. Qf4 g5 19. Qe3 g4 20. Ne1 {1-0 (35) Thieme Garmann,A (2215)-Gruschinski,R Kettig 1999}) 16... Bd7 {[%emt 0:07:40]} 17. Ng3 {[%emt 0:06:35]} O-O {[%emt 0:05:36]} 18. Qe3 {[%emt 0:07:47]} g6 {[%emt 0:00:39]} 19. Nh1 {[%emt 0:06:09]} f6 {[%emt 0:07:05]} 20. exf6 {[%emt 0:01:13]} Qxf6 {[%emt 0:00:46]} 21. Rae1 {[%emt 0:03:55]} Ne4 {[%emt 0:07:01]} 22. Ng3 {[%emt 0:01:27]} Nd6 {[%emt 0:02:41]} 23. b3 {[%emt 0:02:27]} Rac8 {[%emt 0:01:27]} 24. Rf2 {[%emt 0:01:29]} Rc3 {[%emt 0:00:48]} 25. Qe5 {[%emt 0:00:46]} Qxe5 {[%emt 0:00:49]} 26. Rxe5 {[%emt 0:00:15]} Kf7 {[%emt 0:01:10]} 27. Rfe2 {[%emt 0:00:35]} Re8 {[%emt 0:00:19]} 28. Re1 {[%emt 0:01:46]} Kf6 {[%emt 0:02:14]} 29. Nge2 {[%emt 0:00:33]} Rc7 {[%emt 0:01:56]} 30. Ng3 {[%emt 0:00:35]} Nb5 {[%emt 0:01:20]} 31. Nxb5 {[%emt 0:01:08]} Bxb5 {[%emt 0:00:02]} 32. Ne4+ {[%emt 0:00:29]} dxe4 {[%emt 0:02:15]} 33. Rxb5 {[%emt 0:00:01]} Rxc2 {[%emt 0:00:02]} 34. Rxa5 {[%emt 0:00:16]} Rd8 {[%emt 0:00:27]} 35. h4 {[%emt 0:01:02]} Rd5 {[%emt 0:01:09]} 36. Ra6 {[%emt 0:00:31]} Kf5 {[%emt 0:00:22]} 37. Kh2 {[%emt 0:00:34]} Rdd2 {[%emt 0:00:56]} 38. Ra5+ {[%emt 0:00:29]} Kxf4 {[%emt 0:00:19]} 39. Rg5 {[%emt 0:00:38]} e3 {[%emt 0:00:56]} 40. Rg3 {[%emt 0:00:00]} e2 {[%emt 0:00:00]} 41. Rf3+ {[%emt 0:03:38]} Ke4 {[%emt 0:10:02]} 42. Kg1 {[%emt 0:01:37]} Rd1 {[%emt 0:00:26]} 43. Kf2 {[%emt 0:00:14]} Rxe1 {[%emt 0:00:05]} 44. Kxe1 {[%emt 0:00:14]} e5 {[%emt 0:00:51]} 45. Rf7 {[%emt 0:04:22]} Ke3 {[%emt 0:10:14]} 46. Rf3+ {[%emt 0:00:25]} Kd4 {[%emt 0:00:05]} 47. Kf2 {[%emt 0:05:23]} Rxa2 {[%emt 0:00:13]} 48. g3 {[%emt 0:09:50]} Rb2 {[%emt 0:01:27]} 49. g4 {[%emt 0:04:49]} Ke4 {[%emt 0:01:56]} 50. Rf7 {[%emt 0:01:09]} h5 {[%emt 0:03:00]} 51. gxh5 {[%emt 0:01:45]} gxh5 {[%emt 0:00:01]} 52. Rh7 {[%emt 0:00:52]} Rxb3 {[%emt 0:05:45]} 53. Kxe2 {[%emt 0:00:35]} Rb2+ {[%emt 0:00:25]} 54. Kd1 {[%emt 0:00:22]} Kd3 {[%emt 0:03:44]} 55. Rd7+ {[%emt 0:01:23]} Ke3 {[%emt 0:01:39]} 56. Rh7 {[%emt 0:01:04]} b3 {[%emt 0:03:44]} 57. Kc1 {[%emt 0:00:25]} Rc2+ {[%emt 0:00:23]} 58. Kd1 {[%emt 0:01:30]} Rh2 {[%emt 0:00:13]} 59. Kc1 {[%emt 0:00:27]} Rxh4 {[%emt 0:01:15]} 60. Kb2 {[%emt 0:00:35]} e4 {[%emt 0:00:41]} 61. Kxb3 {[%emt 0:00:12]} Ke2 {[%emt 0:00:32]} 62. Kc3 {[%emt 0:00:27]} e3 {[%emt 0:00:06]} 63. Ra7 {[%emt 0:00:46]} Kf1 {[%emt 0:01:54]} 64. Kd3 {[%emt 0:00:35]} e2 {[%emt 0:00:25]} 65. Rf7+ $19 {[%emt 0:00:13]} Ke1 {[%emt 0:00:05]} 66. Kc2 {[%emt 0:00:46]} Rc4+ {[%emt 0:01:01]} 67. Kd3 {[%emt 0:00:08]} Rc6 {[%emt 0:01:00]} 68. Ra7 {[%emt 0:00:51]} Rf6 {[%emt 0:00:48]} 69. Re7 {[%emt 0:00:33]} Kf1 {[%emt 0:00:32]} 70. Rxe2 {[%emt 0:00:29]} Rd6+ {[%emt 0:00:13]} 71. Ke3 {[%emt 0:00:28]} Re6+ {[%emt 0:00:07]} 72. Kf4 {[%emt 0:00:30]} Kxe2 {[%emt 0:00:34]} 73. Kg5 {[%emt 0:00:34]} Rh6 {[%emt 0:00:44]} 74. Kxh6 {[%emt 0:00:28]} h4 {[%emt 0:00:06]} 0-1

[Event "XXIX Cracovia 2018"]
[Site "Krakow"]
[Date "2019.01.02"]
[Round "7"]
[White "Lada, Ireneusz"]
[Black "Popescu, Florin"]
[Result "0-1"]
[WhiteElo "1944"]
[BlackElo "2099"]
[Annotator "NA"]
[PlyCount "50"]
[EventDate "2018.12.27"]
[EventType "swiss"]
[EventCountry "POL"]
[SourceTitle "playchess.com"]
[Source "ChessBase"]
[SourceQuality "1"]
[TimeControl "40/5400+30:1800+30"]

1. c4 {[%emt 0:00:00]} b6 {[%emt 0:00:00]} 2. Nc3 {[%emt 0:00:35]} Bb7 {[%emt 0:00:00]} 3. e4 {[%emt 0:00:52]} e6 {[%emt 0:02:04]} 4. g3 {[%emt 0:04:08]} f5 {[%emt 0:06:52]} 5. Bg2 {[%emt 0:03:56]} Nf6 {[%emt 0:00:15]} 6. d3 {[%emt 0:00:42]} Bc5 {[%emt 0:04:00]} 7. Nge2 {[%emt 0:06:16]} O-O {[%emt 0:02:37]} 8. O-O {[%emt 0:00:46]} fxe4 {[%emt 0:02:13]} 9. d4 {[%emt 0:05:42]} Be7 {[%emt 0:06:32]} 10. d5 {[%emt 0:01:41]} exd5 {[%emt 0:07:18]} 11. cxd5 {[%emt 0:03:34]} Na6 {[%emt 0:01:32]} 12. Nf4 {[%emt 0:22:07]} Bd6 {[%emt 0:23:54]} 13. Nh5 {[%emt 0:05:08]} Nc5 {[%emt 0:04:04]} 14. Be3 {[%emt 0:07:45]} Ba6 {[%emt 0:06:51]} 15. Nxf6+ {[%emt 0:01:00]} Qxf6 {[%emt 0:00:53]} 16. Re1 {[%emt 0:06:38]} Rae8 {[%emt 0:05:25]} 17. Bd4 {[%emt 0:04:27]} Be5 {[%emt 0:10:23]} 18. Bxe5 {[%emt 0:02:58]} Qxf2+ 19. Kh1 Rxe5 {[%emt 0:01:10]} 20. b4 {[%emt 0:01:27]} Nd3 {[%emt 0:01:35]} 21. Bxe4 {[%emt 0:01:32]} Qxe1+ {[%emt 0:04:07]} 22. Qxe1 Nxe1 23. Rxe1 Rfe8 24. Re3 {[%emt 0:01:47]} Bb7 {[%emt 0:02:35]} 25. Kg2 {[%emt 0:00:03]} Rxe4 {[%emt 0:01:17]} 0-1

[Event "XXIX Cracovia 2018"]
[Site "Krakow"]
[Date "2019.01.02"]
[Round "7"]
[White "Szalko, Maciej"]
[Black "Siprashvili, Ivane"]
[Result "0-1"]
[WhiteElo "1889"]
[BlackElo "2074"]
[Annotator "NA"]
[PlyCount "68"]
[EventDate "2018.12.27"]
[EventType "swiss"]
[EventCountry "POL"]
[SourceTitle "playchess.com"]
[Source "ChessBase"]
[SourceQuality "1"]
[TimeControl "40/5400+30:1800+30"]

1. d4 {[%emt 0:00:00]} Nf6 {[%emt 0:00:00]} 2. Nf3 {[%emt 0:00:00]} g6 {[%emt 0:00:00]} 3. g3 {[%emt 0:00:44]} Bg7 {[%emt 0:00:16]} 4. Bg2 {[%emt 0:00:07]} O-O {[%emt 0:00:19]} 5. O-O {[%emt 0:00:08]} c6 {[%emt 0:00:50]} 6. c4 {[%emt 0:04:16]} d6 {[%emt 0:00:57]} 7. Nc3 {[%emt 0:04:09]} Nbd7 {[%emt 0:00:42]} 8. Qc2 {[%emt 0:01:00]} Re8 {[%emt 0:05:13]} 9. Rd1 {[%emt 0:02:59]} Qc7 {[%emt 0:00:35]} 10. b3 {[%emt 0:03:03]} e5 {[%emt 0:00:46]} 11. Ba3 {[%emt 0:06:35]} e4 {[%emt 0:11:41]} 12. Nd2 {[%emt 0:03:24]} e3 {[%emt 0:03:13]} 13. fxe3 {[%emt 0:05:35]} Ng4 {[%emt 0:02:02]} 14. Nf1 {[%emt 0:01:10]} Nxe3 {[%emt 0:06:03]} 15. Nxe3 {[%emt 0:01:00]} Rxe3 {[%emt 0:00:10]} 16. Ne4 {[%emt 0:07:20]} f5 {[%emt 0:08:03]} 17. Nxd6 {[%emt 0:09:16]} Bf8 {[%emt 0:09:01]} 18. Nxf5 {[%emt 0:26:28]} gxf5 {[%emt 0:00:39]} 19. Qxf5 {[%emt 0:00:06]} Bg7 {[%emt 0:03:17]} 20. Qg5 {[%emt 0:04:16]} Re6 {[%emt 0:02:04]} 21. d5 {[%emt 0:01:50]} Rg6 {[%emt 0:01:40]} 22. Qe7 {[%emt 0:01:26]} Qe5 {[%emt 0:11:03]} 23. Qd8+ {[%emt 0:01:00]} Nf8 {[%emt 0:01:04]} 24. dxc6 {[%emt 0:04:36]} bxc6 {[%emt 0:00:59]} 25. Rab1 {[%emt 0:06:01]} Bb7 {[%emt 0:11:02]} 26. Qd3 {[%emt 0:01:15]} Re8 {[%emt 0:00:22]} 27. Bf3 {[%emt 0:02:07]} Bc8 {[%emt 0:01:19]} 28. Bd6 {[%emt 0:01:31]} Rxd6 {[%emt 0:13:12]} 29. Qxd6 {[%emt 0:00:15]} Qe3+ {[%emt 0:00:48]} 30. Kh1 {[%emt 0:01:40]} Bf5 {[%emt 0:00:28]} 31. Rbc1 {[%emt 0:01:07]} Bb2 {[%emt 0:01:57]} 32. Ra1 {[%emt 0:00:48]} Be4 {[%emt 0:01:30]} 33. Kg2 {[%emt 0:00:38]} Qxe2+ {[%emt 0:00:24]} 34. Kh3 {[%emt 0:00:25]} Qxf3 {[%emt 0:00:22]} 0-1

[Event "XXIX Cracovia 2018"]
[Site "Krakow"]
[Date "2019.01.02"]
[Round "7"]
[White "Bachor, Tomasz"]
[Black "Nikitin, Aleksander I"]
[Result "1/2-1/2"]
[WhiteElo "1854"]
[BlackElo "2031"]
[Annotator "NA"]
[PlyCount "116"]
[EventDate "2018.12.27"]
[EventType "swiss"]
[EventCountry "POL"]
[SourceTitle "playchess.com"]
[Source "ChessBase"]
[SourceQuality "1"]
[TimeControl "40/5400+30:1800+30"]

1. d4 Nf6 2. c4 d6 3. Nf3 Nbd7 4. Nc3 c6 5. e4 e5 6. Be2 Be7 7. h3 a6 8. a4 a5 9. Be3 O-O 10. Qc2 Re8 11. O-O-O exd4 12. Nxd4 Bf8 13. f4 Qc7 14. Bf3 Nc5 15. Rhe1 Nfd7 16. Kb1 Na6 17. g4 Ndc5 18. h4 Bd7 19. Qg2 Rad8 20. h5 Nb4 21. Re2 Qb6 22. g5 Qa6 23. Red2 Bc8 24. f5 d5 25. g6 fxg6 26. hxg6 dxe4 27. gxh7+ Kh8 28. Bh5 Qxc4 29. Bxe8 Rxe8 30. Qe2 Qf7 31. Ne6 Nxe6 32. fxe6 Bxe6 33. Rf1 Qg6 34. Qh2 Bc4 35. Rg1 Qe6 36. Rf2 Bd3+ 37. Ka1 Bd6 38. Qg2 Be5 39. Rd2 Qb3 40. Qg6 Rf8 41. Bh6 gxh6 42. Qxh6 Qf7 43. Rg8+ Rxg8 44. hxg8=Q+ Kxg8 45. Rg2+ Bg7 46. Rxg7+ Qxg7 47. Qe6+ Kh7 48. Qf5+ Kh6 49. Qh3+ Kg5 50. Qg3+ Kf6 51. Nxe4+ Bxe4 52. Qd6+ Kf5 53. Qf4+ Ke6 54. Qd6+ Kf5 55. Qf4+ Ke6 56. Qd6+ Kf7 57. Qe6+ Kf8 58. Qe8+ Kxe8 1/2-1/2

[Event "XXIX Cracovia 2018"]
[Site "Krakow"]
[Date "2019.01.03"]
[Round "8"]
[White "Klekowski, Maciej"]
[Black "Godzwon, Iwo"]
[Result "1/2-1/2"]
[WhiteElo "2499"]
[BlackElo "2323"]
[Annotator "ChessBase"]
[PlyCount "147"]
[EventDate "2018.12.27"]
[EventType "swiss"]
[EventCountry "POL"]
[SourceTitle "playchess.com"]
[Source "ChessBase"]
[SourceQuality "1"]
[TimeControl "40/5400+30:1800+30"]

1. c4 {[%emt 0:00:00]} c5 {[%emt 0:00:00]} 2. Nc3 {[%emt 0:00:23]} Nc6 {[%emt 0:00:00]} 3. g3 {[%emt 0:00:06]} g6 {[%emt 0:00:00]} 4. Bg2 {[%emt 0:00:04]} Bg7 {[%emt 0:00:00]} 5. Nf3 {[%emt 0:00:23]} d6 {[%emt 0:00:24]} 6. O-O {[%emt 0:00:15]} e6 {[%emt 0:00:45]} 7. e3 {[%emt 0:00:16]} Nge7 {[%emt 0:00:04]} 8. d4 {[%emt 0:00:07]} O-O {[%emt 0:00:04]} 9. a3 {[%emt 0:38:56]} cxd4 {[%emt 0:11:26]} 10. exd4 {[%emt 0:04:34]} d5 {[%emt 0:01:29]} 11. c5 {[%emt 0:01:08]} Nf5 {[%emt 0:02:34]} 12. Bg5 {[%emt 0:00:31]} Qd7 {[%emt 0:01:08]} 13. Ne2 {[%emt 0:01:16]} b6 {[%emt 0:02:21]} 14. g4 {[%emt 0:01:03]} Nfe7 {[%emt 0:00:57]} 15. cxb6 {[%emt 0:11:11]} axb6 {[%emt 0:01:20]} 16. Nc3 {[%emt 0:05:06]} h6 {[%emt 0:05:49]} 17. Bf4 {[%emt 0:08:39]} g5 {[%emt 0:09:05]} 18. Bg3 {[%emt 0:01:40]} f5 {[%emt 0:00:24]} 19. gxf5 {[%emt 0:00:25]} Nxf5 {[%emt 0:00:25]} 20. Re1 {[%emt 0:00:37]} Qf7 {[%emt 0:06:49]} 21. Ne5 {[%emt 0:01:42]} Nxe5 {[%emt 0:00:57]} 22. Bxe5 {[%emt 0:00:05]} Bxe5 {[%emt 0:00:50]} 23. Rxe5 {[%emt 0:00:05]} Nh4 {[%emt 0:00:27]} 24. Qe2 {[%emt 0:00:32]} Ng6 {[%emt 0:10:39]} 25. Re3 {[%emt 0:00:15]} Nf4 {[%emt 0:00:06]} 26. Qd2 {[%emt 0:00:34]} Bd7 {[%emt 0:01:00]} 27. Rg3 {[%emt 0:04:45]} Nxg2 {[%emt 0:03:14]} 28. Rxg2 {[%emt 0:01:52]} Qf4 {[%emt 0:00:04]} 29. Qd3 {[%emt 0:02:20]} Rf6 {[%emt 0:03:04]} 30. Re1 {[%emt 0:01:25]} Raf8 {[%emt 0:00:30]} 31. Re3 {[%emt 0:00:28]} Rc8 {[%emt 0:05:16]} 32. Ne2 {[%emt 0:07:23]} Qf5 {[%emt 0:00:12]} 33. Qxf5 {[%emt 0:00:09]} Rxf5 {[%emt 0:00:03]} 34. h4 {[%emt 0:02:26]} Kf7 {[%emt 0:04:11]} 35. hxg5 {[%emt 0:00:27]} Rxg5 {[%emt 0:00:33]} 36. Rxg5 {[%emt 0:03:32]} hxg5 {[%emt 0:00:03]} 37. Rb3 {[%emt 0:02:00]} Rb8 {[%emt 0:03:12]} 38. Nc1 {[%emt 0:01:08]} Kf6 {[%emt 0:03:21]} 39. Rf3+ {[%emt 0:00:32]} Ke7 {[%emt 0:00:16]} 40. Nd3 {[%emt 0:00:00]} Rc8 {[%emt 0:00:00]} 41. Ne5 {[%emt 0:03:25]} Be8 {[%emt 0:01:31]} 42. Rb3 {[%emt 0:02:23]} b5 {[%emt 0:00:13]} 43. Rc3 {[%emt 0:01:18]} Rxc3 {[%emt 0:05:21]} 44. bxc3 {[%emt 0:00:21]} Kf6 {[%emt 0:00:07]} 45. Kg2 {[%emt 0:00:31]} Bh5 {[%emt 0:02:30]} 46. Kg3 {[%emt 0:01:21]} Be2 {[%emt 0:04:35]} 47. f3 {[%emt 0:01:20]} Kf5 {[%emt 0:00:05]} 48. Ng4 {[%emt 0:07:36]} Bd3 {[%emt 0:04:18]} 49. Ne3+ {[%emt 0:01:52]} Kf6 {[%emt 0:00:42]} 50. Kf2 {[%emt 0:02:27]} Bg6 {[%emt 0:04:58]} 51. Ng4+ {[%emt 0:00:39]} Kf5 {[%emt 0:00:04]} 52. Ke3 {[%emt 0:00:06]} Bh5 {[%emt 0:00:28]} 53. Nf2 {[%emt 0:01:07]} e5 {[%emt 0:07:17]} 54. Nh1 {[%emt 0:03:15]} Bg6 {[%emt 0:04:28]} 55. Ng3+ {[%emt 0:00:26]} Ke6 {[%emt 0:00:03]} 56. dxe5 {[%emt 0:01:22]} Kxe5 {[%emt 0:00:11]} 57. Ne2 {[%emt 0:00:06]} Bf5 {[%emt 0:02:41]} 58. f4+ {[%emt 0:00:21]} gxf4+ {[%emt 0:00:04]} 59. Nxf4 {[%emt 0:00:03]} Be4 {[%emt 0:02:17]} 60. Ne2 {[%emt 0:00:10]} Bg2 {[%emt 0:02:27]} 61. Nd4 {[%emt 0:00:43]} Bf1 {[%emt 0:00:04]} 62. Nf3+ {[%emt 0:00:30]} Kd6 {[%emt 0:00:05]} 63. Kd4 {[%emt 0:00:05]} Bc4 {[%emt 0:00:22]} 64. Nh4 {[%emt 0:00:33]} Kc6 {[%emt 0:00:44]} 65. Nf5 {[%emt 0:00:22]} Ba2 {[%emt 0:00:21]} 66. Ne3 {[%emt 0:02:08]} Bb3 {[%emt 0:00:31]} 67. Ng4 {[%emt 0:00:43]} Kb6 {[%emt 0:00:29]} 68. Ne5 {[%emt 0:01:44]} Ka5 {[%emt 0:01:16]} 69. Nc6+ {[%emt 0:00:56]} Ka4 {[%emt 0:00:06]} 70. Nb4 {[%emt 0:00:12]} Kxa3 {[%emt 0:00:05]} 71. Nxd5 {[%emt 0:00:04]} Bxd5 {[%emt 0:00:16]} 72. Kxd5 {[%emt 0:00:03]} b4 {[%emt 0:00:05]} 73. cxb4 {[%emt 0:00:03]} Kxb4 {[%emt 0:00:02]} 74. Kd4 1/2-1/2

[Event "XXIX Cracovia 2018"]
[Site "Krakow"]
[Date "2019.01.03"]
[Round "8"]
[White "Schreiner, Peter"]
[Black "Zylka, Stanislaw"]
[Result "1-0"]
[WhiteElo "2479"]
[BlackElo "2305"]
[Annotator "ChessBase"]
[PlyCount "131"]
[EventDate "2018.12.27"]
[EventType "swiss"]
[EventCountry "POL"]
[SourceTitle "playchess.com"]
[Source "ChessBase"]
[SourceQuality "1"]
[TimeControl "40/5400+30:1800+30"]

1. d4 {[%emt 0:00:00]} Nf6 {[%emt 0:00:00]} 2. Nf3 {[%emt 0:00:00]} g6 {[%emt 0:00:00]} 3. c4 {[%emt 0:00:09]} Bg7 {[%emt 0:00:00]} 4. Nc3 {[%emt 0:00:47]} d5 {[%emt 0:00:01]} 5. cxd5 {[%emt 0:00:14]} Nxd5 {[%emt 0:00:08]} 6. e4 {[%emt 0:00:49]} Nxc3 {[%emt 0:00:08]} 7. bxc3 {[%emt 0:00:02]} c5 {[%emt 0:00:13]} 8. Be3 {[%emt 0:00:35]} Qa5 {[%emt 0:00:15]} 9. Nd2 {[%emt 0:08:10]} cxd4 {[%emt 0:00:09]} 10. Nc4 {[%emt 0:00:37]} Qd8 {[%emt 0:00:08]} 11. cxd4 {[%emt 0:00:06]} f5 {[%emt 0:00:21]} 12. exf5 {[%emt 0:03:04]} Bxf5 {[%emt 0:00:43]} 13. Ne5 {[%emt 0:08:57]} Nc6 {[%emt 0:02:13]} 14. Nxc6 {[%emt 0:03:17]} bxc6 {[%emt 0:00:07]} 15. Bc4 {[%emt 0:06:07]} Qa5+ {[%emt 0:04:28]} 16. Bd2 {[%emt 0:08:40]} Qb6 {[%emt 0:00:13]} 17. Bc3 {[%emt 0:00:58]} Rd8 {[%emt 0:08:22]} 18. O-O {[%emt 0:06:32]} Bxd4 {[%emt 0:10:53]} 19. Qf3 {[%emt 0:00:53]} Qc5 {[%emt 0:17:38]} 20. Bxd4 {[%emt 0:01:13]} Rxd4 {[%emt 0:00:15]} 21. Bb3 {[%emt 0:01:22]} Rd3 {[%emt 0:23:32]} 22. Qf4 {[%emt 0:03:25]} Qd6 {[%emt 0:01:59]} 23. Qc4 {[%emt 0:09:35]} e6 {[%emt 0:04:03]} 24. Rac1 {[%emt 0:02:07]} O-O {[%emt 0:01:17]} 25. Qxc6 {[%emt 0:00:26]} Rd8 {[%emt 0:03:35]} 26. h3 {[%emt 0:09:58]} h5 {[%emt 0:04:41]} 27. Rfe1 {[%emt 0:02:42]} Kf7 {[%emt 0:00:17]} 28. Qb7+ {[%emt 0:01:56]} Rd7 {[%emt 0:00:08]} 29. Qa8 {[%emt 0:02:43]} Rd2 {[%emt 0:02:38]} 30. Qc6 {[%emt 0:09:36]} a5 {[%emt 0:01:01]} 31. Qf3 {[%emt 0:02:36]} Kg7 {[%emt 0:02:30]} 32. Qc3+ {[%emt 0:04:43]} Kh7 {[%emt 0:06:59]} 33. Red1 {[%emt 0:01:03]} Qf4 {[%emt 0:06:12]} 34. Rxd2 {[%emt 0:00:37]} Rxd2 {[%emt 0:00:10]} 35. Qc7+ {[%emt 0:00:23]} Qxc7 {[%emt 0:00:05]} 36. Rxc7+ {[%emt 0:00:05]} Kh6 {[%emt 0:00:06]} 37. Ra7 {[%emt 0:00:40]} e5 {[%emt 0:00:18]} 38. Rxa5 {[%emt 0:01:05]} e4 {[%emt 0:00:07]} 39. h4 {[%emt 0:02:16]} e3 {[%emt 0:00:49]} 40. fxe3 {[%emt 0:00:00]} Be4 {[%emt 0:00:00]} 41. Rg5 {[%emt 0:05:14]} Re2 {[%emt 0:01:01]} 42. Bc4 {[%emt 0:08:56]} Rc2 {[%emt 0:00:48]} 43. Be6 {[%emt 0:01:20]} Re2 {[%emt 0:01:29]} 44. a4 {[%emt 0:03:43]} Kg7 {[%emt 0:00:26]} 45. a5 {[%emt 0:06:09]} Kf6 {[%emt 0:00:11]} 46. Bd5 {[%emt 0:01:40]} Bxd5 {[%emt 0:00:12]} 47. Rxd5 {[%emt 0:00:02]} Rxe3 {[%emt 0:00:11]} 48. Rg5 {[%emt 0:01:01]} Re4 {[%emt 0:03:04]} 49. g3 {[%emt 0:00:07]} Re2 {[%emt 0:00:07]} 50. Kf1 {[%emt 0:00:13]} Ra2 {[%emt 0:00:18]} 51. Ke1 {[%emt 0:00:06]} Ke7 {[%emt 0:04:50]} 52. Kd1 {[%emt 0:00:34]} Kd7 {[%emt 0:01:08]} 53. Kc1 {[%emt 0:00:12]} Kc7 {[%emt 0:01:16]} 54. Kb1 {[%emt 0:00:25]} Ra3 {[%emt 0:04:45]} 55. Kb2 {[%emt 0:00:25]} Ra4 {[%emt 0:00:05]} 56. Kb3 {[%emt 0:00:45]} Ra1 {[%emt 0:00:05]} 57. Kb4 {[%emt 0:01:29]} Rb1+ {[%emt 0:00:13]} 58. Kc5 {[%emt 0:01:43]} Ra1 {[%emt 0:00:13]} 59. Kb5 {[%emt 0:01:30]} Rb1+ {[%emt 0:00:08]} 60. Ka6 {[%emt 0:00:15]} Rb3 {[%emt 0:00:16]} 61. Rxg6 {[%emt 0:01:01]} Kc8 {[%emt 0:00:15]} 62. Rg5 {[%emt 0:02:49]} Kc7 {[%emt 0:00:06]} 63. Rc5+ {[%emt 0:00:26]} Kd6 {[%emt 0:00:10]} 64. Rxh5 {[%emt 0:00:10]} Rxg3 {[%emt 0:00:06]} 65. Kb6 {[%emt 0:00:16]} Rb3+ {[%emt 0:00:36]} 66. Rb5 {[%emt 0:00:10] Kd5} 1-0

[Event "XXIX Cracovia 2018"]
[Site "Krakow"]
[Date "2019.01.03"]
[Round "8"]
[White "Golubka, Petro"]
[Black "Mosesov, Danylo"]
[Result "1/2-1/2"]
[WhiteElo "2464"]
[BlackElo "2343"]
[Annotator "ChessBase"]
[PlyCount "57"]
[EventDate "2018.12.27"]
[EventType "swiss"]
[EventCountry "POL"]
[SourceTitle "playchess.com"]
[Source "ChessBase"]
[SourceQuality "1"]
[TimeControl "40/5400+30:1800+30"]

1. d4 {[%emt 0:00:00]} Nf6 {[%emt 0:00:00]} 2. c4 {[%emt 0:00:00]} e6 {[%emt 0:00:00]} 3. Nf3 {[%emt 0:00:14]} d5 {[%emt 0:00:00]} 4. Nc3 {[%emt 0:00:25]} Be7 {[%emt 0:00:09]} 5. Bg5 {[%emt 0:00:10]} O-O {[%emt 0:00:08]} 6. e3 {[%emt 0:00:06]} h6 {[%emt 0:00:10]} 7. Bxf6 {[%emt 0:00:26]} Bxf6 {[%emt 0:00:05]} 8. Qc2 {[%emt 0:00:03]} c5 {[%emt 0:02:01]} 9. dxc5 {[%emt 0:00:09]} dxc4 {[%emt 0:00:11]} 10. Bxc4 {[%emt 0:00:11]} Nd7 {[%emt 0:02:13]} 11. c6 bxc6 {[%emt 0:00:03]} 12. O-O {[%emt 0:00:28]} Rb8 {[%emt 0:08:16]} 13. Rfd1 {[%emt 0:05:06]} Qb6 {[%emt 0:05:43]} 14. b3 {[%emt 0:04:12]} Qa5 {[%emt 0:15:29]} 15. Rac1 {[%emt 0:10:25]} Nb6 {[%emt 0:01:36]} 16. Ne4 {[%emt 0:06:14]} Be7 {[%emt 0:03:46]} 17. Bf1 {[%emt 0:01:00]} Ba3 {[%emt 0:06:49]} 18. Rb1 {[%emt 0:06:10]} Bb7 {[%emt 0:01:14]} 19. Nfd2 {[%emt 0:16:14]} Rfd8 {[%emt 0:07:33]} 20. Nc4 {[%emt 0:00:24]} Nxc4 {[%emt 0:00:10]} 21. Bxc4 {[%emt 0:00:08]} Be7 {[%emt 0:05:49]} 22. Be2 {[%emt 0:00:32]} c5 {[%emt 0:04:43]} 23. Nd2 {[%emt 0:00:20]} Qc7 {[%emt 0:00:24]} 24. Bf3 {[%emt 0:00:21]} Ba6 {[%emt 0:00:39]} 25. Nc4 {[%emt 0:00:26]} Bxc4 {[%emt 0:00:36]} 26. Qxc4 {[%emt 0:00:05]} Rxd1+ {[%emt 0:00:49]} 27. Rxd1 {[%emt 0:00:02]} Rd8 {[%emt 0:00:12]} 28. Rxd8+ {[%emt 0:00:12]} Qxd8 {[%emt 0:00:06]} 29. g3 {[%emt 0:00:14]} 1/2-1/2

[Event "XXIX Cracovia 2018"]
[Site "Krakow"]
[Date "2019.01.03"]
[Round "8"]
[White "Cukrowski, Filip"]
[Black "Biriukov, Nikolai"]
[Result "1/2-1/2"]
[WhiteElo "2416"]
[BlackElo "2365"]
[Annotator "NA"]
[PlyCount "44"]
[EventDate "2018.12.27"]
[EventType "swiss"]
[EventCountry "POL"]
[SourceTitle "playchess.com"]
[Source "ChessBase"]
[SourceQuality "1"]
[TimeControl "40/5400+30:1800+30"]

1. e4 {[%emt 0:00:00]} e5 {[%emt 0:00:08]} 2. Nf3 {[%emt 0:00:53]} Nc6 {[%emt 0:00:04]} 3. Bb5 {[%emt 0:00:07]} Nf6 {[%emt 0:00:06]} 4. O-O {[%emt 0:00:13]} Nxe4 {[%emt 0:01:53]} 5. d4 {[%emt 0:00:06]} Nd6 {[%emt 0:00:17]} 6. Bxc6 {[%emt 0:00:07]} dxc6 {[%emt 0:00:07]} 7. dxe5 {[%emt 0:00:05]} Nf5 {[%emt 0:00:10]} 8. Qxd8+ {[%emt 0:00:06]} Kxd8 {[%emt 0:00:03]} 9. Nbd2 {[%emt 0:00:10]} Ke8 {[%emt 0:02:58]} 10. c4 {[%emt 0:01:02]} c5 {[%emt 0:10:33]} 11. b3 {[%emt 0:02:14]} h5 {[%emt 0:10:38]} 12. Ne4 {[%emt 0:03:27]} Nd4 {[%emt 0:03:23]} 13. Nxd4 {[%emt 0:01:30]} cxd4 {[%emt 0:00:09]} 14. Bb2 {[%emt 0:00:08]} c5 {[%emt 0:00:36]} 15. b4 {[%emt 0:00:19]} cxb4 {[%emt 0:18:01]} 16. Bxd4 {[%emt 0:08:12]} Rh6 {[%emt 0:13:28]} 17. Rfe1 {[%emt 0:06:28]} Rc6 {[%emt 0:01:27]} 18. c5 {[%emt 0:03:17]} Be6 {[%emt 0:05:07]} 19. f4 {[%emt 0:03:36]} b6 {[%emt 0:01:29]} 20. cxb6 {[%emt 0:10:02]} axb6 {[%emt 0:00:07]} 21. Nd6+ {[%emt 0:04:23]} Bxd6 {[%emt 0:01:11]} 22. exd6 {[%emt 0:00:06]} Rxd6 {[%emt 0:03:05]} 1/2-1/2